| 000 | 00407nam a22001697a 4500 | ||
|---|---|---|---|
| 003 | OSt | ||
| 008 | 230408b |||||||| |||| 00| 0 eng d | ||
| 020 | _a9789389949186 | ||
| 082 | _a005.133 BAO | ||
| 100 | _aBALAGURUSAMY,E | ||
| 245 | _aObject Oriented Programming With C++ | ||
| 250 | _a8th Ed | ||
| 260 |
_aNew Delhi _bTMH _c2022 |
||
| 300 | _a679 | ||
| 650 | _aDecentralization | ||
| 942 |
_2ddc _cREF |
||
| 999 |
_c11945 _d11945 |
||